000 00472nam a2200169Ia 4500
008 210210b1995 xxu||||| |||| 00| 0 eng d
020 _a81 203 0930 8
082 _a658.8 KOTP
100 _aKOTLER (Philip) and ARMSTRONG (Gary).
245 _aPrinciples of marketing. Ed 6.
250 _a
260 _aNew Delhi.
_bPrentice-Hall of India Private Limited
_c1995
300 _axix,692,I-24
650 _aMarketing
690 _aMarketing Management
906 _a050614
999 _c99510
_d99510